Nové tendencie v oblasti ochrany hospodárskej súťaže pod vplyvom negatívnych dopadov hospodárskej krízy
K narušeniu hospodárskej súťaže dochádza vždy na konkrétnom trhu, preto je nevyhnutné správne analyzovať trhové prostredie pomocou kvalitatívnych, ale aj kvantitatívnych metód a následne vymedziť konkrétne relevantné trhy.
Uložené v:
| Hlavný autor: | |
|---|---|
| Médium: | Kapitola |
| Jazyk: | Slovak |
| Predmet: | |
| Tagy: |
Žiadne tagy, Buďte prvý, kto otaguje tento záznam!
|
MARC
| LEADER | 00000nla a2200000 4500 | ||
|---|---|---|---|
| 001 | 0198005 | ||
| 005 | 20240502073338.2 | ||
| 041 | 0 | |a slo | |
| 044 | |a SK | ||
| 245 | 1 | 0 | |a Nové tendencie v oblasti ochrany hospodárskej súťaže pod vplyvom negatívnych dopadov hospodárskej krízy |c Barbora Skaličanová |
| 520 | |a K narušeniu hospodárskej súťaže dochádza vždy na konkrétnom trhu, preto je nevyhnutné správne analyzovať trhové prostredie pomocou kvalitatívnych, ale aj kvantitatívnych metód a následne vymedziť konkrétne relevantné trhy. | ||
| 610 | 2 | 0 | |a súťaž hospodárska |
| 610 | 2 | 0 | |a politika súťažná |
| 610 | 2 | 0 | |a právo obchodné |
| 610 | 2 | 0 | |a bariéry konkurenčné |
| 610 | 2 | 0 | |a výhody konkurenčné |
| 610 | 2 | 0 | |a kríza hospodárska |
| 100 | 1 | |a Skaličanová, Barbora | |